000 01120nam a22002655i 4500
001 159997
003 ES-MaACL
005 20251013215512.0
008 040915s1862 fr |||| | fre d
040 _aCAM
_bspa
_cCAM
080 _a17.021.2(02)"15"
080 _a321.01(02)"15"
100 1 _aMontaigne, Michel de,
_d1533-1592
_982329
245 1 0 _aEssais de Montaigne, suivis de sa correspondance et de La Servitude volontaire d'Estienne de La Boëtie.
250 _aÉdition "variorum", accompagnée d'une notice biographique, de notes historiques, philologiques, etc., et d'un index analytique par Charles Louandre.
260 _aParis :
_bG. Charpentier,
_c[1862?] (
_eEvreux :
_fStéréotype de Charles Hérissey)
300 _a4 v. (XLII, 441; 552; 518; 506 p.) ;
_c18 cm.
650 4 _aLibertad-
_vObras anteriores a 1800.
_9149344
700 1 _aLouandre, Charles.
_974310
700 1 _aLa Boétie, Étienne de,
_d1530-1563
_969132
740 0 _aDe la servitude volontaire ou Contr'un.
740 0 _aContr'un.
852 _aES-MaACL
_jD-2704-07
_z-- Enc. hol.
999 _c159997
_d159997